000 01106nas a2200325 4500
001 BR8500131
003 BR-BrBNA
005 20231205090045.0
007 ta
008 230509b bl.|||p| |||| 00| 00por d
040 _aBR-BrBNA
_bpor
_cBiblioteca Nacional de Agricultura
041 _a(Pt)
072 _aF60; H50
100 1 _aVale, F.R. do
100 1 _aNovais, R.F. de
100 1 _aSant'Anna, R.
100 1 _aBarros, N.F. de
245 1 _aAbsorcao e translocacao de fosfato em milho suprido com nitrato ou amonio e pre-tratado com aluminio [Zea mays]
_bParte de tese
246 1 _aAbsorption and translocation of phosphate by corn supplied with nitrate or ammonium and pre-treated with aluminum [Zea mays]
_bPart of thesis
650 _aMILHO
650 _aFOSFATO
650 _aNITRATO
650 _aAMONIA
650 _aALUMINIO
650 _aABSORCAO
650 _aFITOTOXICIDADE
773 0 _tRevista Brasileira de Ciencia do Solo (Brazil)
_xISSN 0100-0683
_g(May-Aug 1984), v. 8(2) p. 219-222
_wBR8500131
909 _a202311
_bLúcia
_c55
_dLúcia Elande
942 _2AGRIS
_n0
_cANA
999 _c115861
_d115861